Mario Kart Games - Statistics

General Stats
  • This quiz has been taken 244 times
    122 since last reset
  • The average score is 11 of 16
Answer Stats
Main? Year Released Game % Correct
Main 2014 Mario Kart 8
99%
Main 2017 Mario Kart 8 Deluxe
99%
Main 2025 Mario Kart World
94%
Main 2011 Mario Kart 7
93%
Main 2009 Mario Kart Wii
90%
Main 1992 Super Mario Kart
88%
Main 1996 Mario Kart 64
87%
Main 2005 Mario Kart DS
87%
Main 2003 Mario Kart: Double Dash
80%
Main 2001 Mario Kart: Super Circuit
62%
Side 2019 Mario Kart Tour
62%
Side 2005 Mario Kart Arcade GP
56%
Side 2007 Mario Kart Arcade GP 2
53%
Side 2020 Mario Kart Live: Home Circuit
33%
Side 2013 Mario Kart Arcade GP DX
30%
Side 2017 Mario Kart Arcade GP VR
18%
No matching quizzes found
Score Distribution
Percent of People with Each Score
Percentile by Number Answered
Your Score History
You have not taken this quiz since the last reset